Political Philosophy in Japan : Nishida, the Kyoto School and Co-Prosperity /
Đã lưu trong:
| Tác giả chính: | |
|---|---|
| Định dạng: | Sách |
| Ngôn ngữ: | Tiếng Anh |
| Được phát hành: |
Londres, Inglaterra :
Routledge,
2005, c2005
Boulder, EUA : NetLibrary [distribución], 2005 |
| Loạt: | (Leiden Series in Modern East Asian Politics and History)
|
| Những chủ đề: | |
| Truy cập trực tuyến: | Ver documento en línea |
| Các nhãn: |
Không có thẻ, Là người đầu tiên thẻ bản ghi này!
|
MARC
| LEADER | 00000nam^a2200000^a^4500 | ||
|---|---|---|---|
| 001 | 000194617 | ||
| 005 | 20251023000000.0 | ||
| 009 | 20260310102722.189 | ||
| 020 | |a 0-203-42029-2 | ||
| 037 | |a Acervo ITESO - Biblioteca | ||
| 041 | |a ING | ||
| 082 | |a 320. 01 |b GOT | ||
| 100 | |a Goto-Jones, Christopher S. |e (autor) | ||
| 245 | 1 | 0 | |a Political Philosophy in Japan : |b Nishida, the Kyoto School and Co-Prosperity / |c C.S. Goto-Jones. |
| 264 | 4 | |a Londres, Inglaterra : |b Routledge, |c 2005, c2005 | |
| 264 | 4 | |a Boulder, EUA : |b NetLibrary [distribución], |c 2005 | |
| 300 | |a 1 libro electrónico en línea (192 p.) | ||
| 336 | |a datos para computadora |b cod |2 rdacontenido | ||
| 337 | |a computadora |b c |2 rdamedio | ||
| 338 | |a recurso en línea |b cr |2 rdasoporte | ||
| 440 | 1 | |a (Leiden Series in Modern East Asian Politics and History) | |
| 506 | 1 | |a 1 licencia | |
| 649 | |a XX | ||
| 650 | |a Filósofos Japoneses | ||
| 650 | |a Filosofías Orientales - |x Historia y Crítica | ||
| 650 | |a Filosofía Moderna - |x Historia y Crítica | ||
| 650 | |a Filosofía Política - |z Japón - |x Tema Principal | ||
| 650 | |a Política - |x Teoría | ||
| 650 | |a Nishida, Kitaro - |x Tema Principal | ||
| 856 | 4 | 0 | |u https://ezproxy.iteso.mx/login?url=https://search.ebscohost.com/login.aspx?direct=true&scope=site&db=nlebk&db=nlabk&AN=116429 |y Ver documento en línea |
| 910 | |a Fondo General | ||
| 920 | |a Electrónicos - Libros en Línea | ||
| 930 | |a Plataforma Digital | ||
| 905 | |a 205 | ||
| 901 | |a 194617 |b IT2 |c EBO |i C148 |u 20250521 | ||
| 902 | |a https://opac.biblio.iteso.mx/vufind/Record/000194617 | ||